[Event "Tipaza U2200 op"]
[Site "Tipaza"]
[Date "2019.05.03"]
[Round "7"]
[White "Hamlaoui, Asma"]
[Black "Benhadi, Aziz Madani"]
[Result "0-1"]
[WhiteElo "1749"]
[BlackElo "2110"]
[PlyCount "42"]
[EventDate "2019.05.01"]
[EventType "swiss"]
[EventRounds "9"]
[EventCountry "ALG"]
[SourceTitle "CBM 190 Extra"]
[Source "ChessBase"]
[SourceDate "2019.07.15"]
[SourceVersion "1"]
[SourceVersionDate "2019.07.15"]
[SourceQuality "1"]

1. e4 c5 2. Nc3 g6 3. f4 Bg7 4. Nf3 Nc6 5. Bb5 Nd4 6. Nxd4 cxd4 7. Ne2 Nf6 8. Bd3 d6 9. 0-0 0-0 10. h3 b6 11. c3 Bb7 12. Ng3 Nd7 13. cxd4 Bxd4+ 14. Kh1 e6 15. Bb1 Qh4 16. Qa4 e5 17. Ne2 Nc5 18. Qa3 Nxe4 19. Bxe4 Bxe4 20. Nxd4 exd4 21. d3 Qxh3+ 0-1

[Event "Africa-ch (Women)"]
[Site "Oran"]
[Date "2017.07.04"]
[Round "4"]
[White "Ibbou, Schahinez"]
[Black "Hamlaoui, Asma"]
[Result "0-1"]
[WhiteElo "1445"]
[BlackElo "1734"]
[PlyCount "82"]
[EventDate "2017.07.02"]
[EventType "swiss"]
[EventRounds "9"]
[EventCountry "ALG"]
[SourceTitle "CBM 179 Extra"]
[Source "ChessBase"]
[SourceDate "2017.08.23"]
[SourceVersion "1"]
[SourceVersionDate "2017.08.23"]
[SourceQuality "1"]

1. e4 e6 2. d4 d5 3. e5 c5 4. c3 Nc6 5. Nf3 Qb6 6. Be2 Nge7 7. Na3 cxd4 8. cxd4 Nf5 9. Nc2 Bb4+ 10. Kf1 Be7 11. Rb1 a5 12. Be3 Bd7 13. a3 a4 14. g3 Na5 15. Nd2 Bb5 16. Bxb5+ Qxb5+ 17. Qe2 Qb6 18. Qd3 Rc8 19. Kg2 0-0 20. b3 Qc6 21. Nb4 Qc3 22. Qxc3 Rxc3 23. bxa4 Nxe3+ 24. fxe3 Rxe3 25. Kf2 Rxa3 26. Rhc1 Rxa4 27. Nd3 Bg5 28. Ke2 Bxd2 29. Kxd2 Rxd4 30. Ke3 Rc4 31. Rxc4 Nxc4+ 32. Kd4 b6 33. Nb4 h6 34. Na6 Ra8 35. Nc7 Ra2 36. Nb5 Rd2+ 37. Kc3 Rxh2 38. Nd6 Nxe5 39. Rxb6 Rg2 40. Rb8+ Kh7 41. Kd4 Nc6+ 0-1

[Event "ALG-ch sf (Women)"]
[Site "Algiers"]
[Date "2017.04.01"]
[Round "7"]
[White "Ibbou, Schahinez"]
[Black "Hamlaoui, Asma"]
[Result "1/2-1/2"]
[WhiteElo "1377"]
[BlackElo "1758"]
[PlyCount "34"]
[EventDate "2017.03.29"]
[EventType "swiss"]
[EventRounds "7"]
[EventCountry "ALG"]
[SourceTitle "EXT 2018"]
[Source "ChessBase"]
[SourceDate "2017.10.13"]
[SourceVersion "1"]
[SourceVersionDate "2017.10.13"]
[SourceQuality "1"]

1. e4 e6 2. d4 d5 3. exd5 exd5 4. Bd3 Bd6 5. Ne2 Nf6 6. Bf4 0-0 7. h3 Bxf4 8. Nxf4 Qe7+ 9. Qe2 Qd6 10. Qd2 Re8+ 11. Ne2 Nc6 12. c3 Ne7 13. Na3 Bf5 14. Bxf5 Nxf5 15. 0-0 Ne4 16. Qf4 Qxf4 17. Nxf4 c6 1/2-1/2

[Event "ALG-ch sf (Women)"]
[Site "Algiers"]
[Date "2017.03.29"]
[Round "1"]
[White "Hamlaoui, Asma"]
[Black "Chibane, Nabila"]
[Result "1/2-1/2"]
[WhiteElo "1758"]
[BlackElo "1331"]
[PlyCount "31"]
[EventDate "2017.03.29"]
[EventType "swiss"]
[EventRounds "7"]
[EventCountry "ALG"]
[SourceTitle "EXT 2018"]
[Source "ChessBase"]
[SourceDate "2017.10.13"]
[SourceVersion "1"]
[SourceVersionDate "2017.10.13"]
[SourceQuality "1"]

1. e4 d6 2. d4 Nf6 3. Nc3 Nbd7 4. Nf3 e5 5. Bc4 Be7 6. 0-0 c6 7. dxe5 dxe5 8. a4 0-0 9. Qe2 Qc7 10. Bg5 h6 11. Bh4 Nc5 12. Qe3 Ng4 13. Qe2 Nf6 14. Bg3 Bd6 15. Qe3 Ng4 16. Qe2 1/2-1/2

[Event "ALG-ch (Women)"]
[Site "Algiers"]
[Date "2015.02.03"]
[Round "5"]
[White "Nassr, Rania"]
[Black "Hamlaoui, Asma"]
[Result "1-0"]
[WhiteElo "1525"]
[BlackElo "1726"]
[PlyCount "105"]
[EventDate "2015.01.31"]
[EventType "tourn"]
[EventRounds "9"]
[EventCountry "ALG"]
[SourceTitle "CBM 164 Extra"]
[Source "ChessBase"]
[SourceDate "2015.03.02"]
[SourceVersion "1"]
[SourceVersionDate "2015.03.02"]
[SourceQuality "1"]

1. e4 e6 2. d4 d5 3. exd5 exd5 4. Nf3 Nf6 5. Nc3 Bd6 6. Bg5 c6 7. Bd3 Bg4 8. h3 Bh5 9. g4 Bg6 10. Ne5 0-0 11. 0-0 Be7 12. Nxg6 hxg6 13. Be3 Nbd7 14. Ne2 Bd6 15. Kg2 Re8 16. Ng3 Qc7 17. Qf3 Re7 18. g5 Ne8 19. h4 Bxg3 20. fxg3 Nd6 21. Bf4 Nf8 22. h5 Ne6 23. hxg6 Nxf4+ 24. gxf4 Ne4 25. gxf7+ Rxf7 26. Bxe4 dxe4 27. Qxe4 Raf8 28. g6 Re7 29. Qf3 Qd6 30. Qh5 Qd5+ 31. Qxd5+ cxd5 32. Rae1 Rxe1 33. Rxe1 Rxf4 34. Re8+ Rf8 35. Re5 Rf6 36. Rxd5 Rxg6+ 37. Kf3 Rb6 38. b3 Ra6 39. a4 Rc6 40. Rc5 Rxc5 41. dxc5 Kf7 42. b4 Ke6 43. c4 Kd7 44. Kf4 b6 45. cxb6 axb6 46. Kg5 Kd6 47. Kg6 Ke5 48. Kxg7 Kd4 49. a5 bxa5 50. bxa5 Kc5 51. Kf6 Kc6 52. Ke5 Kb7 53. Kd6 1-0

[Event "ALG-ch (Women)"]
[Site "Algiers"]
[Date "2015.01.31"]
[Round "1"]
[White "Toubal, Hayat"]
[Black "Hamlaoui, Asma"]
[Result "1/2-1/2"]
[WhiteElo "1889"]
[BlackElo "1726"]
[PlyCount "83"]
[EventDate "2015.01.31"]
[EventType "tourn"]
[EventRounds "9"]
[EventCountry "ALG"]
[SourceTitle "CBM 164 Extra"]
[Source "ChessBase"]
[SourceDate "2015.03.02"]
[SourceVersion "1"]
[SourceVersionDate "2015.03.02"]
[SourceQuality "1"]

1. d4 d5 2. Nf3 Nf6 3. c4 e6 4. Nc3 Nbd7 5. Bg5 c6 6. e3 Be7 7. Bd3 0-0 8. 0-0 dxc4 9. Bxc4 Nd5 10. Bxe7 Qxe7 11. Qc2 Nxc3 12. Qxc3 c5 13. Rad1 cxd4 14. Qxd4 Qf6 15. Qxf6 Nxf6 16. Rd6 b6 17. Ne5 Bb7 18. Rfd1 Rac8 19. Bb3 h6 20. Nd7 Nxd7 21. Rxd7 Rb8 22. h3 a5 23. R1d6 Ba8 24. Ra7 Rfd8 25. Rad7 Rxd7 26. Rxd7 b5 27. Bc2 Bd5 28. b3 Kf8 29. Ra7 Ra8 30. Rc7 a4 31. e4 axb3 32. axb3 Ra1+ 33. Kh2 Ba8 34. Bd3 Rd1 35. Bxb5 Bxe4 36. Bc4 Rc1 37. Rd7 Rc2 38. Kg3 Rc3+ 39. Kh2 Rc2 40. Kg3 Rc3+ 41. Kh2 Rc2 42. Kg3 1/2-1/2

[Event "ALG-ch sf"]
[Site "Algiers"]
[Date "2014.12.30"]
[Round "1"]
[White "Dekar, Lies"]
[Black "Hamlaoui, Asma"]
[Result "1-0"]
[WhiteElo "2089"]
[BlackElo "1726"]
[PlyCount "66"]
[EventDate "2014.12.30"]
[EventType "swiss"]
[EventRounds "9"]
[EventCountry "ALG"]
[SourceTitle "CBM 164 Extra"]
[Source "ChessBase"]
[SourceDate "2015.03.02"]
[SourceVersion "1"]
[SourceVersionDate "2015.03.02"]
[SourceQuality "1"]

1. e4 e6 2. d3 d5 3. Nd2 Nf6 4. c3 c5 5. Ngf3 Nc6 6. Be2 Be7 7. 0-0 0-0 8. Qc2 Qc7 9. Rd1 a6 10. Nf1 b5 11. Bg5 Bb7 12. Bxf6 Bxf6 13. exd5 exd5 14. Ne3 d4 15. Nd5 Qd6 16. Nxf6+ Qxf6 17. Nd2 Ne5 18. cxd4 cxd4 19. Nb3 Rac8 20. Nc5 Qg6 21. f3 Nxf3+ 22. Bxf3 Bxf3 23. Rd2 Qg5 24. b4 Qe3+ 25. Kh1 Bh5 26. Qb2 Rfd8 27. h3 Rc6 28. Rf1 Rh6 29. Rdf2 Be2 30. Rxf7 Bxf1 31. Rxf1 Qd2 32. Qb3+ Kh8 33. Qf7 g6 1-0

[Event "Monastir Belkadhi op (Women)"]
[Site "Monastir"]
[Date "2014.05.08"]
[Round "8"]
[White "Hamlaoui, Asma"]
[Black "Marzouk, Amira"]
[Result "1/2-1/2"]
[WhiteElo "1668"]
[BlackElo "1655"]
[PlyCount "132"]
[EventDate "2014.05.03"]
[EventType "swiss"]
[EventRounds "9"]
[EventCountry "TUN"]
[SourceTitle "EXT 2016"]
[Source "ChessBase"]
[SourceDate "2015.10.08"]
[SourceVersion "1"]
[SourceVersionDate "2015.10.08"]
[SourceQuality "1"]

1. e4 c5 2. Nc3 Nc6 3. f4 g6 4. Nf3 Bg7 5. Bc4 e6 6. d3 Nge7 7. 0-0 d5 8. Bb3 0-0 9. Qe1 a6 10. Qg3 b5 11. a3 c4 12. Ba2 dxe4 13. dxe4 Bb7 14. e5 Nf5 15. Qh3 Qb6+ 16. Kh1 Rad8 17. Bd2 Rd7 18. Be1 Rfd8 19. Bf2 Qc7 20. Ne4 Ncd4 21. Nxd4 Bxe4 22. Nxf5 Bxf5 23. Qc3 Bf8 24. Bh4 Be7 25. Bxe7 Rxe7 26. b3 cxb3 27. Qxc7 Rxc7 28. cxb3 Rd2 29. Bb1 Bxb1 30. Raxb1 Rcc2 31. Rg1 Rb2 32. h3 Rxb1 33. Rxb1 Ra2 34. Kh2 Rxa3 35. Kg3 Kg7 36. Kf3 f6 37. Rb2 fxe5 38. fxe5 a5 39. Ke4 a4 40. bxa4 Rxa4+ 41. Kd3 Ra5 42. Kd4 Kh6 43. Kc5 Kg5 44. Kb6 Ra4 45. Kxb5 Re4 46. Kc6 Rxe5 47. Kd6 Re1 48. Rb5+ Kf4 49. Rb4+ Kf5 50. Rb5+ Kf6 51. Rb2 e5 52. Rf2+ Kg5 53. Rf7 h5 54. Kd5 e4 55. Kd4 e3 56. Kd3 e2 57. Rf2 Kh4 58. Rxe2 Rxe2 59. Kxe2 Kg3 60. Kf1 g5 61. Kg1 g4 62. hxg4 hxg4 63. Kf1 Kh2 64. Kf2 Kh1 65. Kg3 Kg1 66. Kxg4 Kxg2 1/2-1/2

[Event "RC-2014-0-00148"]
[Site "LSS email"]
[Date "2014.04.08"]
[Round "?"]
[White "Hamlaoui, Asma"]
[Black "Le Duigou, Jean Guy"]
[Result "0-1"]
[WhiteElo "1771"]
[BlackElo "1790"]
[PlyCount "20"]
[EventDate "2014.03.17"]
[EventType "tourn (corr)"]
[EventRounds "6"]
[EventCountry "GER"]
[SourceTitle "Corr 2022"]
[Source "ChessBase"]
[SourceDate "2021.10.24"]
[SourceVersion "1"]
[SourceVersionDate "2021.10.24"]
[SourceQuality "1"]

1. e4 e5 2. Nf3 Nf6 3. Nxe5 d6 4. Nf3 Nxe4 5. Nc3 Nxc3 6. dxc3 Be7 7. Be3 Nc6 8. Qd2 0-0 9. h3 Ne5 10. Be2 Be6 0-1

[Event "RC-2014-0-00147"]
[Site "LSS email"]
[Date "2014.03.29"]
[Round "?"]
[White "Hamlaoui, Asma"]
[Black "Habes, Jiri"]
[Result "0-1"]
[WhiteElo "1771"]
[BlackElo "1764"]
[PlyCount "26"]
[EventDate "2014.03.03"]
[EventType "tourn (corr)"]
[EventRounds "6"]
[EventCountry "GER"]
[SourceTitle "Corr 2022"]
[Source "ChessBase"]
[SourceDate "2021.10.24"]
[SourceVersion "1"]
[SourceVersionDate "2021.10.24"]
[SourceQuality "1"]

1. e4 d6 2. d4 Nf6 3. Bd3 g6 4. Ne2 Bg7 5. 0-0 0-0 6. f4 Nc6 7. h3 Nb4 8. Nd2 c6 9. Bc4 d5 10. exd5 Nfxd5 11. Nf3 Bf5 12. c3 Nc2 13. Rb1 Nde3 0-1

[Event "Africa-ch U20 Girls"]
[Site "Tiaret"]
[Date "2014.01.30"]
[Round "8"]
[White "Lahmar, Chaima"]
[Black "Hamlaoui, Asma"]
[Result "1/2-1/2"]
[WhiteElo "1525"]
[BlackElo "1630"]
[PlyCount "120"]
[EventDate "2014.01.25"]
[EventType "swiss"]
[EventRounds "9"]
[EventCountry "ALG"]
[SourceTitle "CBM 158 Extra"]
[Source "ChessBase"]
[SourceDate "2014.02.28"]
[SourceVersion "1"]
[SourceVersionDate "2014.02.28"]
[SourceQuality "1"]

1. e4 e6 2. d4 d5 3. exd5 exd5 4. Nf3 Nf6 5. Nc3 Bd6 6. Bg5 c6 7. Bd3 Bg4 8. Qe2+ Be7 9. Bxf6 gxf6 10. a3 Bh5 11. g4 Bg6 12. 0-0-0 0-0 13. h4 Re8 14. h5 Bd6 15. Qd2 Bxd3 16. Qxd3 Bf4+ 17. Kb1 h6 18. Nh4 Nd7 19. Ne2 Qc7 20. Ng2 Bd6 21. f4 Nb6 22. g5 fxg5 23. fxg5 Qe7 24. g6 f6 25. Ngf4 Qe4 26. Rhf1 Kg7 27. Nc3 Qxd3 28. Nxd3 Nc4 29. Rh1 Re7 30. Rde1 Rae8 31. Rxe7+ Rxe7 32. Re1 Rxe1+ 33. Nxe1 Ne3 34. Nf3 Ng4 35. Ne2 Ne3 36. Nh4 f5 37. Kc1 Be7 38. Nf3 Bg5 39. Ne5 Ng4+ 40. Kd1 Nf6 41. Ng3 f4 42. Nf5+ Kf8 43. g7+ Kg8 44. Ke2 Nxh5 45. Ng4 Nxg7 46. Ngxh6+ Kh7 47. Nxg7 Kxg7 48. Ng4 Kg6 49. Kf3 Kf5 50. Nf2 Be7 51. Nd3 Bd6 52. c3 b6 53. b4 a5 54. bxa5 bxa5 55. a4 Bc7 56. Nc5 Bd6 57. Nb3 Bc7 58. Nc5 Bb6 59. Nd3 Bc7 60. Nc5 Bb6 1/2-1/2

[Event "Africa-ch U20 Girls"]
[Site "Tiaret"]
[Date "2014.01.29"]
[Round "7"]
[White "Hamlaoui, Asma"]
[Black "Tavares, Domingas"]
[Result "1-0"]
[WhiteElo "1630"]
[BlackElo "1506"]
[PlyCount "65"]
[EventDate "2014.01.25"]
[EventType "swiss"]
[EventRounds "9"]
[EventCountry "ALG"]
[SourceTitle "CBM 158 Extra"]
[Source "ChessBase"]
[SourceDate "2014.02.28"]
[SourceVersion "1"]
[SourceVersionDate "2014.02.28"]
[SourceQuality "1"]

1. e4 c5 2. Nc3 a6 3. f4 d6 4. Nf3 Nc6 5. Bc4 Nf6 6. d3 b5 7. Bb3 Na5 8. 0-0 Nxb3 9. axb3 b4 10. Ne2 g6 11. Qe1 Bb7 12. Qg3 Bg7 13. Nh4 Qc8 14. f5 Qb8 15. Nf4 Rg8 16. fxg6 hxg6 17. Nh3 Bc8 18. Ng5 Nh5 19. Qf3 Nf6 20. h3 Rh8 21. Qg3 Nh5 22. Qe1 Nf6 23. Rb1 Qc7 24. Nhf3 Bb7 25. Bf4 Nh5 26. Bh2 Qd7 27. Nxf7 Rf8 28. N7g5 Nf6 29. e5 dxe5 30. Nxe5 Qd5 31. Qe2 Bh6 32. Nxg6 Qxg5 33. Qxe7# 1-0

[Event "Africa-ch U20 Girls"]
[Site "Tiaret"]
[Date "2014.01.28"]
[Round "5"]
[White "Caxita, Esperanca"]
[Black "Hamlaoui, Asma"]
[Result "1-0"]
[WhiteElo "1705"]
[BlackElo "1630"]
[PlyCount "91"]
[EventDate "2014.01.25"]
[EventType "swiss"]
[EventRounds "9"]
[EventCountry "ALG"]
[SourceTitle "CBM 158 Extra"]
[Source "ChessBase"]
[SourceDate "2014.02.28"]
[SourceVersion "1"]
[SourceVersionDate "2014.02.28"]
[SourceQuality "1"]

1. e4 e6 2. d4 d5 3. Nc3 Nf6 4. e5 Nfd7 5. Nf3 c5 6. Bb5 Nc6 7. Bxc6 bxc6 8. Ne2 cxd4 9. Nexd4 c5 10. Ne2 Rb8 11. b3 Qc7 12. Bf4 Ba6 13. 0-0 Be7 14. Re1 Bxe2 15. Rxe2 0-0 16. Qd2 Nb6 17. h4 Qd7 18. Rd1 Rbd8 19. Bg5 d4 20. Qd3 h6 21. Bd2 Nd5 22. Re4 Rb8 23. Rg4 f5 24. exf6 Rxf6 25. Ne5 Qb7 26. Ng6 Kf7 27. Re1 Rf5 28. Nxe7 Nxe7 29. Qg3 Rg8 30. Qd6 Qd5 31. Qc7 a6 32. Rge4 Rf6 33. Bf4 Rc8 34. Qa5 Nc6 35. Qxa6 Rf8 36. Qb7+ Kg8 37. Bg3 R8f7 38. Qc8+ Rf8 39. Qc7 R8f7 40. Qb6 Nb4 41. Re5 Rb7 42. Rxd5 Rxb6 43. Rxc5 Nxa2 44. Be5 Rf7 45. Bxd4 Rf4 46. Rc8+ 1-0

[Event "Africa-ch U20 Girls"]
[Site "Tiaret"]
[Date "2014.01.27"]
[Round "4"]
[White "Hamlaoui, Asma"]
[Black "De Castro, Neusa Aridas"]
[Result "1-0"]
[WhiteElo "1630"]
[BlackElo "1462"]
[PlyCount "113"]
[EventDate "2014.01.25"]
[EventType "swiss"]
[EventRounds "9"]
[EventCountry "ALG"]
[SourceTitle "CBM 158 Extra"]
[Source "ChessBase"]
[SourceDate "2014.02.28"]
[SourceVersion "1"]
[SourceVersionDate "2014.02.28"]
[SourceQuality "1"]

1. e4 e5 2. Nf3 Nc6 3. Bb5 d6 4. 0-0 Bd7 5. c3 Nf6 6. Re1 Be7 7. d4 0-0 8. h3 h6 9. Nbd2 Nxd4 10. cxd4 Bxb5 11. dxe5 Nh7 12. Qb3 Bc6 13. exd6 Qxd6 14. Nc4 Qb4 15. Qc2 Rfe8 16. Bf4 Rac8 17. Rad1 Qb5 18. Nd4 Qh5 19. Nxc6 bxc6 20. Rd7 Bd8 21. e5 Nf8 22. Rd3 Qf5 23. Bxh6 Qg6 24. Bf4 Ne6 25. Bh2 Nd4 26. Qc3 Nf5 27. Na5 Re6 28. Rc1 Ne7 29. Qc4 Rb8 30. Rcd1 Nd5 31. b3 Be7 32. Nxc6 Rxc6 33. Qxd5 Rd8 34. Qf3 Rxd3 35. Rxd3 Rc1+ 36. Rd1 Qc2 37. Rf1 Rxf1+ 38. Kxf1 Qc1+ 39. Ke2 Qc2+ 40. Ke3 Bc5+ 41. Kf4 Qd2+ 42. Kg3 Qg5+ 43. Qg4 Qxe5+ 44. f4 Qe1+ 45. Kf3 Qf2+ 46. Ke4 Qe3+ 47. Kd5 Qd4+ 48. Kc6 Qd6+ 49. Kb7 Qb6+ 50. Ka8 Qc6+ 51. Kb8 Qe8+ 52. Qc8 Qxc8+ 53. Kxc8 Bb6 54. f5 c5 55. Bc7 Kf8 56. Bxb6 axb6 57. Kb7 1-0

[Event "LSS No Engine Cup 98 Preliminary 6"]
[Site "LSS email"]
[Date "2013.11.20"]
[Round "?"]
[White "Hamlaoui, Asma"]
[Black "Stadler, Pavel"]
[Result "0-1"]
[WhiteElo "1553"]
[BlackElo "1349"]
[PlyCount "92"]
[EventDate "2013.11.21"]
[EventType "tourn (corr)"]
[EventRounds "6"]
[EventCountry "GER"]
[SourceTitle "Telechess CBM 167"]
[Source "ChessBase"]
[SourceDate "2015.07.13"]
[SourceVersion "1"]
[SourceVersionDate "2015.07.13"]
[SourceQuality "1"]

1. e4 c5 2. Nf3 d6 3. Bb5+ Bd7 4. Bxd7+ Nxd7 5. d4 cxd4 6. Qxd4 Ngf6 7. 0-0 g6 8. Nc3 Bg7 9. Bg5 0-0 10. Rad1 Qc7 11. Qd2 a6 12. h3 b5 13. a3 Rac8 14. Bh6 Nc5 15. Bxg7 Kxg7 16. Rfe1 Rfe8 17. Re2 Qb7 18. Qd4 Kg8 19. e5 Ne6 20. Qe3 dxe5 21. Nxe5 Nc5 22. b4 Ncd7 23. Nxd7 Nxd7 24. Ne4 Nb6 25. Qh6 Nd5 26. Rxd5 Qxd5 27. Ng5 Qd1+ 28. Kh2 Qd6+ 29. g3 Qf6 30. Qxh7+ Kf8 31. Qh4 Qg7 32. Qf4 Kg8 33. Qf3 Rc3 34. Qb7 Qf6 35. Ne4 Qc6 36. Qxc6 Rxc6 37. Nc5 f6 38. Kg2 Kf7 39. Rd2 Ra8 40. g4 a5 41. Nb7 axb4 42. Nd8+ Rxd8 43. Rxd8 bxa3 44. Ra8 b4 45. Ra4 Rc4 46. Kf1 Rxc2 0-1

[Event "LSS No Engine Cup 98 Preliminary 6"]
[Site "LSS email"]
[Date "2013.11.20"]
[Round "?"]
[White "Neumann, Frank"]
[Black "Hamlaoui, Asma"]
[Result "0-1"]
[WhiteElo "616"]
[BlackElo "1553"]
[PlyCount "98"]
[EventDate "2013.11.21"]
[EventType "tourn (corr)"]
[EventRounds "6"]
[EventCountry "GER"]
[SourceTitle "Telechess CBM 167"]
[Source "ChessBase"]
[SourceDate "2015.07.13"]
[SourceVersion "1"]
[SourceVersionDate "2015.07.13"]
[SourceQuality "1"]

1. e4 c5 2. Nf3 a6 3. Be2 d6 4. 0-0 Nc6 5. c4 Nf6 6. Nc3 g6 7. d4 cxd4 8. Nxd4 Bg7 9. Nxc6 bxc6 10. Bd2 Rb8 11. b3 0-0 12. Rc1 Qc7 13. Be3 Bd7 14. Na4 Rfd8 15. c5 Nxe4 16. Bf3 Nf6 17. cxd6 exd6 18. b4 Rxb4 19. Bb6 Rxb6 20. Nxb6 Qxb6 21. Rb1 Qc7 22. Qb3 Bf5 23. Qb6 Qxb6 24. Rxb6 Ne4 25. Rxc6 Nd2 26. Rd1 Nxf3+ 27. gxf3 Be5 28. Rxa6 Rb8 29. Kg2 Rb4 30. a3 Rh4 31. Ra8+ Kg7 32. a4 Bc2 33. Rc1 Bxa4 34. Re1 Rxh2+ 35. Kg1 Rh4 36. Re4 Rxe4 37. fxe4 Bc6 38. Rc8 Bxe4 39. Rc4 d5 40. Rc5 h5 41. Ra5 h4 42. Ra3 d4 43. Kf1 d3 44. Ke1 h3 45. Kd2 h2 46. f3 Bf5 47. Rb3 h1Q 48. Ra3 Bb2 49. Rb3 Qc1# 0-1

[Event "LSS No Engine Cup 98 Preliminary 6"]
[Site "LSS email"]
[Date "2013.11.20"]
[Round "?"]
[White "Pauk, Jozef"]
[Black "Hamlaoui, Asma"]
[Result "0-1"]
[WhiteElo "819"]
[BlackElo "1553"]
[PlyCount "56"]
[EventDate "2013.11.21"]
[EventType "tourn (corr)"]
[EventRounds "6"]
[EventCountry "GER"]
[SourceTitle "Telechess CBM 167"]
[Source "ChessBase"]
[SourceDate "2015.07.13"]
[SourceVersion "1"]
[SourceVersionDate "2015.07.13"]
[SourceQuality "1"]

1. e4 c5 2. Bc4 e6 3. Nf3 a6 4. d3 d6 5. Bg5 f6 6. Bd2 Nc6 7. Nh4 b5 8. Bb3 Nge7 9. Nc3 Nd4 10. Nf3 Nxb3 11. cxb3 Kf7 12. Qe2 Bb7 13. 0-0-0 Nc6 14. Be3 Qc7 15. Nh4 Be7 16. f4 Nd4 17. Bxd4 cxd4 18. Kd2 dxc3+ 19. bxc3 Rac8 20. c4 d5 21. e5 dxc4 22. Rc1 c3+ 23. Kc2 Rhd8 24. Rhd1 Rd4 25. Qh5+ Kg8 26. g3 Qa5 27. Ra1 Qa3 28. Rdb1 Be4 0-1

[Event "ZI-2013-0-01642"]
[Site "LSS email"]
[Date "2013.07.14"]
[Round "?"]
[White "Hamlaoui, Asma"]
[Black "Bokros, Janos"]
[Result "1-0"]
[WhiteElo "1736"]
[BlackElo "1652"]
[PlyCount "45"]
[EventDate "2013.07.03"]
[EventType "match (corr)"]
[EventRounds "2"]
[EventCountry "GER"]
[SourceTitle "Telechess CBM 161"]
[Source "ChessBase"]
[SourceDate "2014.07.16"]
[SourceVersion "1"]
[SourceVersionDate "2014.07.16"]
[SourceQuality "1"]

1. e4 e5 2. Nf3 Nc6 3. Bb5 a6 4. Ba4 Nf6 5. 0-0 b5 6. Bb3 Bb7 7. Re1 Bc5 8. c3 0-0 9. d4 Bd6 10. Nbd2 exd4 11. cxd4 Re8 12. e5 Nxd4 13. exd6 Nxf3+ 14. Nxf3 cxd6 15. Rxe8+ Qxe8 16. Be3 Qe4 17. Bc2 Qc4 18. Qd3 Re8 19. Qxc4 bxc4 20. Nd4 Ng4 21. Bf4 d5 22. f3 Ne5 23. Bxe5 1-0

[Event "OP-2013-0-02882"]
[Site "LSS email"]
[Date "2013.07.14"]
[Round "?"]
[White "Hamlaoui, Asma"]
[Black "Pepermans, Toon"]
[Result "0-1"]
[WhiteElo "1736"]
[BlackElo "2355"]
[PlyCount "60"]
[EventDate "2013.07.12"]
[EventType "tourn (corr)"]
[EventRounds "4"]
[EventCountry "GER"]
[SourceTitle "Telechess CBM 161"]
[Source "ChessBase"]
[SourceDate "2014.07.16"]
[SourceVersion "1"]
[SourceVersionDate "2014.07.16"]
[SourceQuality "1"]

1. e4 e5 2. Nf3 Nc6 3. Bb5 a6 4. Ba4 Nf6 5. 0-0 Be7 6. Re1 b5 7. Bb3 d6 8. c3 0-0 9. h3 Nb8 10. d4 Nbd7 11. Nbd2 Bb7 12. Bc2 Re8 13. Nf1 Bf8 14. Bg5 h6 15. Bxf6 Nxf6 16. d5 c6 17. Ne3 Qc7 18. dxc6 Bxc6 19. Nf5 d5 20. exd5 Bxd5 21. Qe2 b4 22. Ba4 e4 23. N3d4 Rec8 24. cxb4 Bxb4 25. Red1 Qe5 26. Ne3 Bd6 27. g3 Bc5 28. Ndc2 Be6 29. Kh2 Qxb2 30. Rdb1 Qe5 0-1

[Event "OP-2013-0-02856"]
[Site "LSS email"]
[Date "2013.07.02"]
[Round "?"]
[White "Hamlaoui, Asma"]
[Black "Pepermans, Toon"]
[Result "0-1"]
[WhiteElo "1736"]
[BlackElo "2355"]
[PlyCount "36"]
[EventDate "2013.06.29"]
[EventType "tourn (corr)"]
[EventRounds "4"]
[EventCountry "GER"]
[SourceTitle "Corr 2015"]
[Source "ChessBase"]
[SourceDate "2015.07.17"]
[SourceVersion "1"]
[SourceVersionDate "2015.07.17"]
[SourceQuality "1"]

1. e4 c5 2. f4 d5 3. exd5 Nf6 4. c4 e6 5. Nc3 exd5 6. cxd5 Nxd5 7. Bb5+ Nc6 8. Nxd5 Qxd5 9. Nf3 Bd6 10. d4 0-0 11. Bxc6 bxc6 12. 0-0 cxd4 13. Kh1 Ba6 14. Re1 Rae8 15. b3 c5 16. Bd2 Re6 17. Qc2 Rfe8 18. Kg1 Be2 0-1

[Event "OP-2013-0-02856"]
[Site "LSS email"]
[Date "2013.07.01"]
[Round "?"]
[White "Vontina, Maria"]
[Black "Hamlaoui, Asma"]
[Result "0-1"]
[WhiteElo "772"]
[BlackElo "1736"]
[PlyCount "92"]
[EventDate "2013.06.29"]
[EventType "tourn (corr)"]
[EventRounds "4"]
[EventCountry "GER"]
[SourceTitle "Telechess CBM 161"]
[Source "ChessBase"]
[SourceDate "2014.07.16"]
[SourceVersion "1"]
[SourceVersionDate "2014.07.16"]
[SourceQuality "1"]

1. e4 c5 2. Nf3 d6 3. d4 cxd4 4. Nxd4 a6 5. Nc3 Nf6 6. Be3 g6 7. f3 Bg7 8. Qd2 Nc6 9. g4 0-0 10. 0-0-0 Nxd4 11. Bxd4 Qa5 12. h4 Be6 13. a3 h5 14. gxh5 Nxh5 15. Bxg7 Kxg7 16. f4 Rac8 17. Qd4+ f6 18. Qe3 Rxc3 19. Qxc3 Qxc3 20. bxc3 Nxf4 21. Bd3 Rh8 22. Rdg1 Kf7 23. Kd2 Bd7 24. Ke3 Nh5 25. Rb1 Bc6 26. Rbg1 f5 27. Rh2 f4+ 28. Kf2 e5 29. Kf3 Ng3 30. Rh3 Nf5 31. Rgh1 Ng3 32. Kg4 Nxh1 33. Rxh1 Kf6 34. Rb1 Rd8 35. a4 d5 36. exd5 Bxd5 37. Rb6+ Ke7 38. Rxg6 Rg8 39. Rxg8 Bxg8 40. Kf5 Bh7+ 41. Kg4 e4 42. Bf1 f3 43. Kf4 Kd6 44. a5 Kc5 45. h5 b6 46. axb6 Kxb6 0-1

[Event "ALG-ch U18"]
[Site "Tipaza"]
[Date "2013.06.21"]
[Round "3.1"]
[White "Hamlaoui, Asma"]
[Black "Ait Abbes, Nesrine"]
[Result "1/2-1/2"]
[WhiteElo "1639"]
[BlackElo "1419"]
[PlyCount "74"]
[EventDate "2013.06.21"]
[EventType "swiss"]
[EventRounds "5"]
[EventCountry "ALG"]
[SourceTitle "EXT 2024"]
[Source "ChessBase"]
[SourceDate "2023.10.10"]
[SourceVersion "1"]
[SourceVersionDate "2023.10.10"]
[SourceQuality "1"]

1. e4 c6 2. d4 d5 3. exd5 cxd5 4. Bd3 Nc6 5. c3 Nf6 6. Bf4 Bg4 7. Qb3 Qc8 8. Nd2 e6 9. Ngf3 Be7 10. 0-0 0-0 11. Rfe1 a6 12. a4 Bh5 13. h3 Bg6 14. Bxg6 hxg6 15. Ne5 Nh5 16. Bh2 Nf6 17. Re3 Nd7 18. Nxd7 Qxd7 19. Nf3 Na5 20. Qc2 Nc4 21. Re2 b5 22. Ne5 Qb7 23. Nxc4 bxc4 24. g4 Rfd8 25. Rae1 Bd6 26. f4 Qb3 27. Qxb3 cxb3 28. Kg2 Rab8 29. Kf3 Kf8 30. Bg3 Rdc8 31. Bh4 Rc4 32. Ra1 a5 33. Bg3 Bc7 34. h4 Bd6 35. Rh2 Ke7 36. Re2 Kd7 37. Rh2 Ke7 1/2-1/2